000 00286 a2200121 4500
005 20250623071808.0
082 _aLM 335.412 MAR
100 _aMARX, K.
245 _aTheories of Surplus-Value
260 _aMoscow,
_bProgress Publishers,
_c1971.
300 _a637p.:
_c22cm.
942 _2ddc
_cBKS
999 _c241
_d241